LEADER 01271nam a2200229 i 4500 001 000000256416 003 CaOOAMICUS 005 20171127000000.0 008 171127s1781 it u000 u lat u 013 $a235324 026 $a6523 i-m. e,um citi (3) 1781 (R) 040 $aSeMil$bita 245 10$aTomus 2. 300 $a255, [1], 251, [1] p. 500 $aLe prime 15 p. della seconda sequenza in numeri romani. - La seconda num. di pagina inizia con occhietto dal tit.: S, Ambrosii ... historiae de excidio urbis hierosolymitanae libri quinque ... Accesserunt Hymni tres ... - Segn.: A-2H8 2I6. - Lascito Card. C.M. Martini. 773 0 $aAmbrosius $tSancti Ambrosii Mediolanensis episcopi Opera, ad manuscriptos codices Vaticanos, Gallicanos, Belgicos, &c. nec-non ad editiones veteres emendata, studio et labore monachorum ordinis s. Benedicti, e congregatione s. Mauri ... Tomus 1. [-8.].$bHac novissima Veneta editione diligentius excusa & aucta.$dVenetiis : Typis Francisci Pitteri, 1781-1782.$g2$w()1473 850 $aSeMil 852 $aSeMil$W1$xVenegono$y1$m2T V 19 FA$j206762$B206762$CSeMilBibl$Z2$F220175 $8I 941 1 $a10 941 1 $a4 961 $aRecupero: Mantegazza 996 $6245$aTomus 2$9(OLS)http://semarc/title/93022 LEADER 01346nam a2200265 i 4500 001 000000189292 003 CaOOAMICUS 005 20150213000000.0 008 150213s1952 it u000 u ita u 013 $a167565 040 $aSeMil$bita 100 1 $aArsenio : da Casorate Sempione,$c.$0(OLS)http://semarc/name/18501 245 10$aPoeti sulle vie del santo :$bsaggio di studi francescani su G. Pascoli, G. Salvadori, G. D'Annunzio e G. Papini /$cArsenio da Casorate Sempione ; prefazione di Piero Bargellini. 260 $aCremona :$bLa editoriale grafica,$c1952. 300 $aIX, 96 p. ;$c22 cm. 500 $aFondo card. Giovanni Colombo. 650 4$aFrancesco : d'Assisi - Letteratura italiana.$0(OLS)http://semarc/subject/35658 650 4$aFrancescanesimo - Letteratura.$0(OLS)http://semarc/subject/35659 700 1 $aBargellini, Piero,$d<1897-1980>.$0(OLS)http://semarc/name/926 850 $aSeMil 852 $aSeMil$W1$xVenegono$y1$m3GC V 170$j139923$B139923$CSeMilBibl$Z2$F151526 $8B 941 1 $a3 961 $aLascito: Colombo Card. Giovanni 996 $6245$aPoeti sulle vie del santo :$bsaggio di studi francescani su G. Pascoli, G. Salvadori, G. D'Annunzio e G. Papini$9(OLS)http://semarc/title/272543 996 $6260$aCremona :$bLa editoriale grafica$9(OLS)http://semarc/publisher/50135